[Event "IBM"]
[Site "Amsterdam"]
[Date "1980.??.??"]
[Round "?"]
[White "Hort, Vlastimil"]
[Black "Larsen, Bent"]
[Result "1-0"]
[WhiteElo "2595"]
[BlackElo "2585"]

1.c4 g6 2.d4 Bg7 3.Nc3 d6 4.Nf3 Bg4 5.e3 Nd7 6.Be2 c5 7.h3 Bxf3 8.Bxf3 Rb8
9.d5 a6 10.a4 h5 11.g3 Qa5 12.Ra3 Ngf6 13.Bd2 O-O 14.g4 hxg4 15.hxg4 Rfe8
16.Be2 Qd8 17.g5 Nh7 18.f4 Nhf8 19.Bd3 e5 20.dxe6 fxe6 21.Qc2 Kf7 22.Rb3 Nb6
23.a5 Nc8 24.Ne4 d5 25.cxd5 exd5 26.Nxc5 Nd6 27.Rb6 Re7 28.b4 Rc7 29.Qb3 Nc8
30.Be4 Nxb6 31.axb6 Re7 32.Bxd5+ Ke8 33.Qa4+ Nd7 34.Be6 Qxb6 35.Bxd7+ Kf8
36.Qb3  1-0

[Event "IBM"]
[Site "Amsterdam"]
[Date "1980.??.??"]
[Round "?"]
[White "Hort, Vlastimil"]
[Black "Karpov, Anatoly"]
[Result "1/2-1/2"]
[WhiteElo "2595"]
[BlackElo "2725"]

1.c4 e5 2.Nc3 Nc6 3.g3 g6 4.Bg2 Bg7 5.Rb1 a5 6.a3 Nh6 7.d3 O-O 8.Nf3 d6 9.h4 Ng4
10.h5 h6 11.hxg6 fxg6 12.Ne4 g5 13.b4 axb4 14.axb4 Ne7 15.b5 Be6 16.Bb2 Qd7
17.Ra1 c6 18.bxc6  1/2-1/2

[Event "IBM"]
[Site "Amsterdam"]
[Date "1980.??.??"]
[Round "?"]
[White "Hort, Vlastimil"]
[Black "Sosonko, Gennadi"]
[Result "1/2-1/2"]
[WhiteElo "2595"]
[BlackElo "2545"]

1.e4 c5 2.Nf3 Nc6 3.d4 cxd4 4.Nxd4 e5 5.Nb5 a6 6.Nd6+ Bxd6 7.Qxd6 Qf6 8.Qd2 Nge7
9.Nc3 d6 10.Bd3 Be6 11.O-O Rd8 12.Qg5 Qxg5 13.Bxg5 Nb4 14.Rfd1 f6 15.Be3 d5
16.Bb6 Rd7 17.exd5 Nexd5 18.Nxd5 Nxd5 19.Ba5 Kf7 20.c4 Ne7 21.Be2 Nf5 22.Rxd7+ Bxd7
23.Bb6 Be6 24.Rd1 Rc8 25.b3 Rc6 26.Ba7 Rd6 27.Kf1 g5 28.Bh5+ Kg7 29.Bc5 Rc6
30.Bb4 Nd4 31.Bc3 Kh6  1/2-1/2

[Event "IBM"]
[Site "Amsterdam"]
[Date "1980.??.??"]
[Round "?"]
[White "Karpov, Anatoly"]
[Black "Larsen, Bent"]
[Result "1-0"]
[WhiteElo "2725"]
[BlackElo "2585"]

1.e4 c6 2.d4 d5 3.Nd2 dxe4 4.Nxe4 Bf5 5.Ng3 Bg6 6.h4 h6 7.Nf3 Nd7 8.h5 Bh7
9.Bd3 Bxd3 10.Qxd3 e6 11.Bf4 Ngf6 12.O-O-O Be7 13.c4 a5 14.Kb1 a4 15.Ne5 Nxe5
16.Bxe5 Qa5 17.Ne4 O-O-O 18.c5 Nxe4 19.Qxe4 Bf6 20.Bxf6 gxf6 21.Qf4 f5 22.Rd3 Rd5
23.Rhd1 Qc7 24.Qd2 f4 25.Ra3 Rg8 26.f3 Rdg5 27.Rg1 Rxh5 28.Rxa4 Qb8 29.Re1 Rh2
30.Re2 Rh1+ 31.Kc2 h5 32.Qd3 Kd7 33.Rb4 Rg1 34.d5 cxd5 35.c6+ Kxc6 36.Qb5+  1-0

[Event "IBM"]
[Site "Amsterdam"]
[Date "1980.??.??"]
[Round "?"]
[White "Dolmatov, Sergey"]
[Black "Sosonko, Gennadi"]
[Result "1/2-1/2"]
[WhiteElo "2535"]
[BlackElo "2545"]

1.e4 c5 2.Nf3 Nc6 3.d4 cxd4 4.Nxd4 e5 5.Nb5 a6 6.Nd6+ Bxd6 7.Qxd6 Qf6 8.Qxf6 Nxf6
9.Nc3 Nb4 10.Bd3 d5 11.exd5 Nfxd5 12.Nxd5 Nxd5 13.Bd2 Be6 14.O-O f6 15.Rad1 Kf7
16.c4 Ne7 17.b3 Bf5 18.Ba5 b5 19.Be2 Be6 20.Bf3 Rac8 21.cxb5 axb5 22.Rd2 h5
23.Ra1 Bg4 24.Bxg4 hxg4 25.a4 Ke6 26.axb5  1/2-1/2

[Event "IBM"]
[Site "Amsterdam"]
[Date "1980.??.??"]
[Round "?"]
[White "Dolmatov, Sergey"]
[Black "Larsen, Bent"]
[Result "1-0"]
[WhiteElo "2535"]
[BlackElo "2585"]

1.e4 c6 2.d4 d5 3.exd5 cxd5 4.c4 Nf6 5.Nc3 e6 6.Nf3 Bb4 7.Bd3 dxc4 8.Bxc4 O-O
9.O-O a6 10.a3 Be7 11.Ba2 b5 12.d5 exd5 13.Nxd5 Bb7 14.Nxe7+ Qxe7 15.Bg5 Nbd7
16.Re1 Qc5 17.Be3 Qf5 18.Nh4 Qe4 19.Bg5 Qc6 20.Rc1 Qb6 21.Be3 Qd8 22.Nf5 Be4
23.Nd6 Bg6 24.Qd4 Qb8 25.f4 Rd8 26.f5 Bh5 27.h3 Nb6 28.Qxb6 Qxb6 29.Bxb6 Rxd6
30.Be3  1-0

[Event "IBM"]
[Site "Amsterdam"]
[Date "1980.??.??"]
[Round "?"]
[White "Dolmatov, Sergey"]
[Black "Karpov, Anatoly"]
[Result "1/2-1/2"]
[WhiteElo "2535"]
[BlackElo "2725"]

1.e4 e6 2.d4 d5 3.Nd2 c5 4.exd5 exd5 5.Ngf3 Nc6 6.Bb5 Bd6 7.dxc5 Bxc5 8.O-O Ne7
9.Nb3 Bd6 10.Bg5 O-O 11.Re1 Bg4 12.Be2 a6 13.c3 Qc7 14.h3 Bh5 15.Bxe7 Nxe7
16.Nfd4 Bxe2 17.Qxe2  1/2-1/2

[Event "IBM"]
[Site "Amsterdam"]
[Date "1980.??.??"]
[Round "?"]
[White "Karpov, Anatoly"]
[Black "Dolmatov, Sergey"]
[Result "1-0"]
[WhiteElo "2725"]
[BlackElo "2535"]

1.e4 c5 2.Nf3 Nc6 3.d4 cxd4 4.Nxd4 Nf6 5.Nc3 e5 6.Ndb5 d6 7.Bg5 a6 8.Na3 b5
9.Nd5 Be7 10.Bxf6 Bxf6 11.c3 O-O 12.Nc2 Rb8 13.Be2 Bg5 14.O-O Be6 15.Qd3 Qd7
16.Qg3 f6 17.Rfd1 a5 18.Na3 Na7 19.h3 Kh8 20.Bg4 Rfc8 21.Bxe6 Qxe6 22.Qd3 Rc5
23.Nc2 g6 24.b4 axb4 25.Ncxb4 Rb7 26.a4 bxa4 27.Rxa4 f5 28.Ra6 Nc8 29.Ra8 Kg7
30.Qe2 fxe4 31.Qxe4 Qf5 32.Qe2 Rf7 33.c4 Bh4 34.Rf1 Ne7 35.Ra6 Qd7 36.Qe4 Nxd5
37.Nxd5 Be7 38.Rfa1 Bf8 39.Qe2 Rc6 40.R6a3 Rc5 41.Rf3 Rxf3 42.Qxf3 Qf7 43.Qg4 h5
44.Qe4 Rc8 45.Ra3 Qf5 46.Ra7+ Kh6 47.Qe3+ g5 48.Qe2 Rb8 49.g4 hxg4 50.hxg4 Qb1+
51.Kg2 Rb7 52.Rxb7 Qxb7 53.Qf3 Qc8 54.Qf6+ Kh7 55.Qf7+  1-0

[Event "IBM"]
[Site "Amsterdam"]
[Date "1980.??.??"]
[Round "?"]
[White "Karpov, Anatoly"]
[Black "Sosonko, Gennadi"]
[Result "1/2-1/2"]
[WhiteElo "2725"]
[BlackElo "2545"]

1.e4 c6 2.d4 d5 3.Nd2 dxe4 4.Nxe4 Nd7 5.Nf3 Ngf6 6.Nxf6+ Nxf6 7.Ne5 Nd7 8.Nd3 g6
9.c3 Bg7 10.Bf4 Qa5 11.Qd2 O-O 12.Be2 e5 13.dxe5 Nxe5 14.Nxe5 Bxe5 15.Bg5 Be6
16.O-O Bg7 17.Bf3 Rfe8 18.Rfe1 Qb6 19.h3 a5 20.a3 a4 21.Re4 Ra5 22.Rae1 h5
23.Rb4 Qc7 24.Bf4 Qc8 25.Rbe4 Rd8 26.Qe3 Bf6 27.Rb4 Be7 28.Be4 Kh7 29.Rd4 Rxd4
30.Qxd4 Qd8 31.Qe3 Bg5 32.Bc2 Bxf4 33.Qxf4 Qg5 34.Re4 Qxf4 35.Rxf4 Rd5 36.Rd4 b5
37.Be4 Rxd4 38.cxd4 Bd5  1/2-1/2

[Event "IBM"]
[Site "Amsterdam"]
[Date "1980.??.??"]
[Round "?"]
[White "Van der Wiel, John TH"]
[Black "Sosonko, Gennadi"]
[Result "0-1"]
[WhiteElo "2465"]
[BlackElo "2545"]

1.e4 c6 2.d4 d5 3.Nd2 dxe4 4.Nxe4 Nd7 5.Bc4 Ngf6 6.Nxf6+ Nxf6 7.Nf3 Bf5 8.Qe2 e6
9.Bg5 Bg4 10.O-O-O Be7 11.h3 Bxf3 12.Qxf3 Nd5 13.Bxe7 Qxe7 14.Rhe1 b5 15.Bd3 Rd8
16.Re5 Qf6 17.Be4 Qxf3 18.Bxf3 a5 19.b3 b4 20.Kb2 Ke7 21.Rc1 f6 22.Ree1 Nc3
23.a3 Rxd4 24.axb4 axb4 25.Ra1 Kd6 26.Ra7 e5 27.Rea1 g6 28.Rf7 e4 29.Rxf6+ Ke5
30.Rxc6 exf3 31.Re1+ Kf5 32.g4+ Kg5 33.Rc5+ Kh4 34.Ree5 Kxh3  0-1

[Event "IBM"]
[Site "Amsterdam"]
[Date "1980.??.??"]
[Round "?"]
[White "Karpov, Anatoly"]
[Black "Van der Wiel, John TH"]
[Result "1-0"]
[WhiteElo "2725"]
[BlackElo "2465"]

1.e4 c5 2.Nf3 Nc6 3.d4 cxd4 4.Nxd4 Nf6 5.Nc3 d6 6.Bg5 e6 7.Qd2 a6 8.O-O-O h6
9.Be3 Bd7 10.f3 Qc7 11.g4 Ne5 12.h4 b5 13.Rg1 h5 14.g5 Ng8 15.Be2 Rb8 16.f4 b4
17.Nb1 Ng4 18.Bxa6 g6 19.Rgf1 Nxe3 20.Qxe3 Ne7 21.f5 gxf5 22.exf5 e5 23.f6 exd4
24.Rxd4 Be6 25.fxe7 Bg7 26.Re4 Qa5 27.Rxe6 Qxa6 28.Rxf7 Kxf7 29.e8=Q+ Rbxe8
30.g6+ Kg8 31.Rxe8+ Bf8 32.Qe6+  1-0

[Event "IBM"]
[Site "Amsterdam"]
[Date "1980.??.??"]
[Round "?"]
[White "Van der Wiel, John TH"]
[Black "Dolmatov, Sergey"]
[Result "1/2-1/2"]
[WhiteElo "2465"]
[BlackElo "2535"]

1.e4 e6 2.d4 d5 3.Nc3 Bb4 4.e5 c5 5.a3 Bxc3+ 6.bxc3 Ne7 7.a4 Qa5 8.Bd2 Nbc6
9.Nf3 Bd7 10.g3 f6 11.Bh3 O-O-O 12.O-O f5 13.Re1 c4 14.Bg2 h6 15.h4 Rdg8
16.Qc1 Be8 17.Qa3 Qc7 18.Bc1 Bh5 19.Rb1 Nd8 20.a5 a6 21.Rb6 Bxf3 22.Bxf3 g5
23.h5 Kb8 24.Qa1 Nc8 25.Ba3 Ka8 26.Bd6 Qd7 27.Reb1 Nxb6 28.axb6 Nf7 29.Bc7 Rc8
30.g4 f4 31.Qa5 Qc6 32.Ra1 Rxc7 33.bxc7 Rc8 34.Rb1 Qxc7 35.Qa3 Rh8 36.Rb5 Nd8
37.Bxd5 exd5 38.Rxd5 Qc8 39.f3 Qc6 40.Rc5 Qxf3 41.Rc8+ Ka7 42.Qc5+ b6 43.Qc7+ Qb7  1/2-1/2

[Event "IBM"]
[Site "Amsterdam"]
[Date "1980.??.??"]
[Round "?"]
[White "Larsen, Bent"]
[Black "Hort, Vlastimil"]
[Result "1/2-1/2"]
[WhiteElo "2585"]
[BlackElo "2595"]

1.c4 Nf6 2.Nc3 d5 3.cxd5 Nxd5 4.g3 g6 5.Bg2 Nb6 6.d3 Bg7 7.Be3 O-O 8.Qd2 N8d7
9.Nf3 Nf6 10.Bh6 a5 11.O-O c6 12.Bxg7 Kxg7 13.Rab1 Nbd5 14.e4 Nb6 15.h3 h6
16.Qe3 Ra6 17.Rbd1 a4 18.Rfe1 Ra5 19.d4 Be6 20.Ne5 Nc4 21.Nxc4 Bxc4 22.d5 Qc7
23.dxc6 bxc6 24.Rd4 Be6 25.Rxa4 Rxa4 26.Nxa4 Bxa2 27.b3 Rb8 28.Nc5 Qe5 29.Bf1 Rd8
30.Qc1 Bb1 31.Qc4 Ba2 32.Qc2 Qd4 33.e5 Nd5 34.Nd3 Nb4 35.Nxb4 Qxb4 36.Re3 Rd2
37.Qc1 Qd4 38.e6 Bxb3 39.exf7 Bxf7 40.Qxc6 Qf6 41.Qxf6+ Kxf6  1/2-1/2

[Event "IBM"]
[Site "Amsterdam"]
[Date "1980.??.??"]
[Round "?"]
[White "Larsen, Bent"]
[Black "Sosonko, Gennadi"]
[Result "1/2-1/2"]
[WhiteElo "2585"]
[BlackElo "2545"]

1.d4 Nf6 2.c4 e6 3.Nc3 Bb4 4.e3 c5 5.Ne2 cxd4 6.exd4 O-O 7.a3 Be7 8.Nf4 d5
9.cxd5 Nxd5 10.Ncxd5 exd5 11.Be2 Nc6 12.O-O Bg5 13.Bf3 Bxf4 14.Bxf4 Be6 15.Qd2 Qb6
16.Rad1 Rfc8 17.Rfe1 Na5 18.Qb4 Qxb4 19.axb4 Nc4 20.Re2 Rc6 21.h3 h6 22.g4 a6
23.Rd3 Rb6 24.b3 Na3 25.Ra2 Nb5 26.Rc2 Na7 27.Rc5 Nc6 28.Bd2 Rd8 29.b5 Rxb5
30.Rxb5 axb5 31.Be2 Ra8 32.f4 f5 33.Kf2 Ra2 34.Ke3 b4 35.g5 Kf7 36.h4 Ra1
37.Bf3 Rb1 38.h5 Ke7 39.Kf2 Kd6 40.Be1 Rb2+ 41.Ke3 Bf7 42.Bd1 Rh2 43.g6 Be8
44.Be2 Ke6 45.Rd1 Rh3+ 46.Bf3 Rh2 47.Rc1 Rb2 48.Bd1 Ra2 49.Bc2 Bd7 50.Kd3 Kd6
51.Bd2 Be6 52.Bd1 Kd7 53.Be3 Kd6 54.Bd2 Kd7  1/2-1/2

[Event "IBM"]
[Site "Amsterdam"]
[Date "1980.??.??"]
[Round "?"]
[White "Sosonko, Gennadi"]
[Black "Hort, Vlastimil"]
[Result "1/2-1/2"]
[WhiteElo "2545"]
[BlackElo "2595"]

1.d4 Nf6 2.c4 e6 3.g3 c5 4.d5 exd5 5.cxd5 d6 6.Nc3 g6 7.Bg2 Bg7 8.Nf3 O-O
9.O-O Qe7 10.Re1 Nbd7 11.e4 Ng4 12.Nh4 Nb6 13.h3 Nf6 14.f4 Nfd7 15.Nf3 a6
16.Kh2 Re8 17.a4 Nc4 18.Qc2 Qd8 19.Bf1 Na5 20.b3 Nb6 21.Bb2 c4  1/2-1/2

[Event "IBM"]
[Site "Amsterdam"]
[Date "1980.??.??"]
[Round "?"]
[White "Sosonko, Gennadi"]
[Black "Van der Wiel, John TH"]
[Result "1/2-1/2"]
[WhiteElo "2545"]
[BlackElo "2465"]

1.d4 Nf6 2.c4 e6 3.Nf3 b6 4.g3 Ba6 5.Nbd2 Bb7 6.Bg2 c5 7.O-O cxd4 8.Nxd4 Bxg2
9.Kxg2 Be7 10.e4 Nc6 11.Nxc6 dxc6 12.Qf3 Qc7 13.Nb3 Nd7 14.Bf4 e5 15.Be3 O-O
16.Rfd1  1/2-1/2